000 00792nam a2200253 a 4500
008
020 _a0471902276 (cased)
049 _aMAIN
090 _aTJ265
_bVAN
100 1 _aVan Wylen, Gordon John.
245 1 0 _aFundamentals of classical thermodynamics /
_cGordon J. Van Wylen and Richard E. Sonntag.
250 _a2nd ed.
260 _aNew York, NY :
_bWiley,
_c1973.
300 _axiv, 724 p. :
_bill. ;
_c24 cm.
440 0 _aSeries in thermal and transport sciences.
504 _aIncludes bibliographical references : p. 713.
650 0 _aThermodynamics.
700 1 _aSonntag, Richard Edwin.
907 _a.b10067899
_b11-07-06
_c17-04-03
003
005 20230123133537.0
040 _cNUST
942 _cBOOKS
_kTJ265
_mVAN
999 _c150438
_d150438